LANDMVRKS, Hollow, list of all songs - Statistics

General Stats
  • This quiz has been taken 4 times
  • The average score is 4 of 11
Answer Stats
Hint Answer % Correct
1 Hollow
100%
8 Meaningless
67%
6 Wrong Generation
67%
7 Empty Place
33%
11 Meaningless (acoustic)
33%
5 November 15th
33%
2 Perspective
33%
9 Endless Paradox
0%
4 Oudside and In
0%
3 Winter (feat. Mattéo Gelsomino)
0%
10 World of Pain
0%
No matching quizzes found
Score Distribution
Percent of People with Each Score
Percentile by Number Answered
Your Score History
You have not taken this quiz